000
00249nam a22001217a 4500
008
181207b xxu||||| |||| 00| 0 eng d
041
_a
eng
080
_a
617
100
_a
5
101
_a
KIR
245
_a
Pelvic Surgery
_c
Ala.H
942
_2
udc
_c
BK
999
_c
53064
_d
53064